00616nam a2200193Ia 450000500170000000800460001703700120006304000210007504100130009608400220010910000280013124500280015926000440018730000150023149000280024694200220027499900210029695201050031720250508151735.0008 250505s9999 xx 000 0 eng d aTextual aFEDL bengcFEDL aeng2eng a371.42, KELqFEDL aKelley Janet A.9139910 0aGuidance and curriculum aEnglewood Cliffs b Prentice-Hallc1955 axxii,532p. aPrentice-Hall Education cTEXLh371.42, KEL c1331834d1331834 00104070aFEDLbFEDLd2025-05-08l0o371.42, KELpEL0012805r2025-05-08 15:17:35w2025-05-08yTEXL